000 00494cam a2200145 i 4500
082 0 0 _a956.048
_bBOO
_cL-30, P-87
100 _aNBF
_946525
245 1 4 _aThe book of the International Symposium on the 1973 October War, Cairo, 28-31 October 1975 :
_b[proceedings].
_cNBF
260 _a[Cairo :
_bs.n.,
_c1976-
300 _a315p.
_c25 cm.
505 1 _av. 1. Military sector.
526 _a0
_b0
_c0
_d956_048000000000000_BOO
650 0 _aIsrael-Arab War, 1973
_xCongresses.
_946526
942 _2ddc
_cBK
999 _c549840
_d549840